000 00576nam a22001937a 4500
005 20230221114013.0
008 230221b |||||||| |||| 00| 0 eng d
020 _cRs.300.00
040 _aLoreto college
041 _aBengali
082 _a891.443
_bMAZ
100 _aMajumder,Dibyajyoti
245 _aPaschimbanger aadibasi lokokatha
_cDibyajyoti Majumder
260 _aMadhyamgram
_bEbong Amra
_c2017
300 _a255p
_b22cm
650 _aBengali fiction
850 _aLCLIB/891.443/MAZ
942 _cBK
999 _c43211
_d93690